[Event "14. Lichtenberger Sommer"]
[Site "14. Lichtenberger Sommer"]
[Date "2015.08.19"]
[Round "5.15"]
[White "Ortmann, David"]
[Black "Pluska, Alexander"]
[Result "1-0"]
[WhiteElo "2302"]
[BlackElo "2030"]
[PlyCount "75"]
[EventDate "2015.??.??"]
[WhiteTeam "SC Böblingen"]
[BlackTeam "SK Doppelbauer Kiel"]

1. d4 d5 2. c4 e6 3. Nf3 Nf6 4. e3 Nbd7 5. b3 Bb4+ 6. Nbd2 e5 7. dxe5 Bc3 8.
Ba3 Ne4 9. Rc1 c5 10. Rc2 Qa5 11. Bb2 d4 12. Bxc3 Nxc3 13. Qa1 O-O 14. Bd3 Re8
15. O-O Nxe5 16. Nxe5 Rxe5 17. Nf3 Re8 18. exd4 Ne4 19. d5 Bg4 20. Qc1 Qc7 21.
Nd2 Nd6 22. h3 Be2 23. Bxe2 Rxe2 24. Nf3 Rae8 25. Rxe2 Rxe2 26. Re1 Qe7 27. Kf1
Re4 28. Qf4 Rxe1+ 29. Nxe1 g5 30. Qe3 Qf6 31. Kg1 b6 32. Nf3 h6 33. Qe5 Qg6 34.
Qe7 Ne4 35. Qxa7 Nc3 36. Qb8+ Kh7 37. Qe8 Nd1 38. Ne5 1-0

[Event "14. Lichtenberger Sommer"]
[Site "14. Lichtenberger Sommer"]
[Date "2015.08.19"]
[Round "5.17"]
[White "Schmidt, Markus"]
[Black "Reichenbach, Werner"]
[Result "1-0"]
[WhiteElo "2108"]
[BlackElo "2241"]
[PlyCount "81"]
[EventDate "2015.??.??"]
[WhiteTeam "SK Turm Bad Hersfeld"]
[BlackTeam "SC Eintracht Berlin"]

1. e4 d6 2. d4 Nf6 3. Nc3 e5 4. Nf3 Nbd7 5. Bc4 Be7 6. O-O O-O 7. h3 c6 8. Bb3
h6 9. Re1 Re8 10. a4 a5 11. Be3 Qc7 12. Qd2 Nh7 13. Rad1 Ndf8 14. Ne2 Be6 15.
c4 Ng6 16. d5 cxd5 17. cxd5 Bd7 18. Rc1 Qd8 19. Nc3 Ng5 20. Nh2 Nh4 21. Bd1 f5
22. exf5 Rf8 23. Bg4 Nxf5 24. Nb5 Rc8 25. Rxc8 Bxc8 26. Rc1 Bd7 27. Nc7 Nxe3
28. Qxe3 Bxg4 29. Nxg4 Qd7 30. Nb5 Bd8 31. Qd3 Bb6 32. Qg6 Kh8 33. Qxd6 Qxd6
34. Nxd6 Kh7 35. Rc2 Bd4 36. h4 Nf7 37. Nxb7 h5 38. Ne3 Ra8 39. Rc7 Kg6 40. d6
Ra7 41. Nd5 1-0

[Event "14. Lichtenberger Sommer"]
[Site "14. Lichtenberger Sommer"]
[Date "2015.08.19"]
[Round "5.18"]
[White "Püschel, Werner"]
[Black "Dimitrijeski, Kristian"]
[Result "0-1"]
[WhiteElo "2049"]
[BlackElo "2158"]
[PlyCount "100"]
[EventDate "2015.??.??"]
[WhiteTeam "Lasker Steglitz-Wilmersdorf"]
[BlackTeam "SK König Tegel"]

1. f4 d5 2. e3 Nf6 3. Nf3 g6 4. b3 Bg7 5. Bb2 O-O 6. Be2 c5 7. O-O Nc6 8. Ne5
Qc7 9. Nxc6 Qxc6 10. d3 b5 11. a4 b4 12. Bf3 Bb7 13. Nd2 Qd7 14. Qe2 Rac8 15.
Rad1 Qc7 16. Be5 Qb6 17. Kh1 e6 18. Bxf6 Bxf6 19. e4 Bg7 20. e5 Ba6 21. Qf2 c4
22. Qxb6 axb6 23. dxc4 dxc4 24. Be2 cxb3 25. Bxa6 bxc2 26. Rc1 Rc3 27. Rf3 Rd8
28. Rxc3 bxc3 29. Nf1 Rd2 30. Ne3 Rd4 31. Bb5 Rxf4 32. Rxc2 Bxe5 33. g3 Re4 34.
Re2 Rxe3 35. Rxe3 c2 36. Re1 Bb2 37. Bd3 c1=Q 38. Rxc1 Bxc1 39. g4 Kg7 40. Kg2
Kf6 41. Kf3 Ke5 42. Bb5 f5 43. h3 Kf6 44. Bd7 e5 45. Kg3 e4 46. gxf5 gxf5 47.
Kf2 f4 48. Ke2 Ke5 49. Bb5 f3+ 50. Kf2 Kf4 0-1

[Event "14. Lichtenberger Sommer"]
[Site "14. Lichtenberger Sommer"]
[Date "2015.08.19"]
[Round "5.19"]
[White "Gallien, Fabian"]
[Black "Zschäbitz, Klaus"]
[Result "1-0"]
[WhiteElo "2145"]
[BlackElo "2061"]
[PlyCount "91"]
[EventDate "2015.??.??"]
[WhiteTeam "SC Schwarz-Weiß Lichtenrade e.V."]
[BlackTeam "Berliner SchGes Eckbauer"]

1. e4 e6 2. d4 d5 3. Nc3 Bb4 4. exd5 exd5 5. Bd3 Nc6 6. a3 Ba5 7. Nge2 Bg4 8.
Be3 Nge7 9. f3 Be6 10. O-O Bb6 11. Bf2 Qd7 12. Na2 O-O 13. c3 Bf5 14. Nb4 Nxb4
15. axb4 a6 16. Re1 Bxd3 17. Qxd3 c6 18. Bg3 Rfe8 19. Nf4 Nf5 20. Kf2 g6 21.
Qd2 Rxe1 22. Rxe1 Re8 23. Nd3 Rxe1 24. Qxe1 Qe6 25. Qxe6 fxe6 26. Be5 Kf7 27.
g4 Ne7 28. Kg3 Ng8 29. Bb8 Nf6 30. Bd6 Nd7 31. h3 Bd8 32. Bf4 Ke8 33. Bd6 Be7
34. Bxe7 Kxe7 35. Kf4 Kf6 36. g5+ Ke7 37. Nc5 Nb6 38. b3 Nc8 39. Nxb7 Na7 40.
c4 Nc8 41. c5 Kd7 42. Ke5 Ne7 43. Nd6 Ng8 44. Nb7 Ke7 45. Na5 Kd7 46. Nxc6 1-0

[Event "14. Lichtenberger Sommer"]
[Site "14. Lichtenberger Sommer"]
[Date "2015.08.19"]
[Round "5.20"]
[White "Relea, Nicolas"]
[Black "Khorolskyi, Borys"]
[Result "1-0"]
[WhiteElo "2085"]
[BlackElo "1936"]
[PlyCount "59"]
[EventDate "2015.??.??"]
[WhiteTeam "Club d'Echecs de Condom"]
[BlackTeam "vereinslos"]

1. d4 e6 2. Nc3 b6 3. e4 Bb7 4. Bd3 Bb4 5. a3 Bxc3+ 6. bxc3 Nf6 7. Qe2 d6 8.
Nf3 Nbd7 9. O-O e5 10. Nh4 g6 11. f4 Nh5 12. Qf2 Nxf4 13. Bxf4 exf4 14. Qxf4
O-O 15. Qh6 Qe7 16. Rae1 Rae8 17. Nf3 f6 18. Bc4+ Kh8 19. Bd3 Qg7 20. Qh3 Re7
21. Nh4 Rfe8 22. Re3 Bxe4 23. Bxe4 f5 24. Nxg6+ Qxg6 25. Bxf5 Qg5 26. Rg3 Qd2
27. Bxd7 Rg8 28. Rxg8+ Kxg8 29. Qg4+ Rg7 30. Be6+ 1-0

[Event "14. Lichtenberger Sommer"]
[Site "14. Lichtenberger Sommer"]
[Date "2015.08.19"]
[Round "5.21"]
[White "Scheide, Helmut"]
[Black "Zur, Jan"]
[Result "0-1"]
[WhiteElo "1959"]
[BlackElo "2103"]
[PlyCount "118"]
[EventDate "2015.??.??"]
[WhiteTeam "USV Potsdam"]
[BlackTeam "SC Rotation Pankow"]

1. Nf3 d5 2. d4 Nf6 3. c4 dxc4 4. Qa4+ c6 5. Qxc4 Bg4 6. Nbd2 Nbd7 7. e3 Qc7 8.
Be2 e6 9. O-O Bd6 10. h3 Bh5 11. Qc2 e5 12. Re1 O-O 13. dxe5 Nxe5 14. Nxe5 Bxe5
15. Nc4 Bh2+ 16. Kh1 Bg6 17. Bd3 Bxd3 18. Qxd3 b5 19. Nd2 Rfd8 20. Qe2 Bd6 21.
Nf3 a6 22. a3 c5 23. Rd1 Ne4 24. Bd2 c4 25. Be1 Nc5 26. Rab1 h6 27. Nd4 Be5 28.
Qf3 Bxd4 29. exd4 Nb3 30. d5 Qb7 31. Bc3 Rd6 32. Bb4 Rg6 33. Re1 Rf6 34. Qh5
Qd7 35. Re7 Rf5 36. Rxd7 Rxh5 37. Re1 a5 38. Bc3 Nc5 39. Rd6 b4 40. axb4 axb4
41. Bd4 Nd3 42. Re7 Nf4 43. Rdd7 Rxd5 44. Rxf7 Rxd7 45. Rxd7 Ne6 46. Be5 Rc8
47. Rd2 Rc5 48. f4 g5 49. Bd6 c3 50. bxc3 bxc3 51. Rc2 Nd4 52. Rc1 Rd5 53. Be5
Ne2 54. Rc2 Rd2 55. Rxc3 Nxc3 56. Bxc3 Rd1+ 57. Kh2 gxf4 58. Be5 Rf1 59. h4 h5
0-1

[Event "14. Lichtenberger Sommer"]
[Site "14. Lichtenberger Sommer"]
[Date "2015.08.19"]
[Round "5.22"]
[White "Stark, Ingo"]
[Black "Kreutzmann, Duke"]
[Result "1-0"]
[WhiteElo "2121"]
[BlackElo "1835"]
[PlyCount "47"]
[EventDate "2015.??.??"]
[WhiteTeam "TSG Oberschöneweide"]
[BlackTeam "Düsseldorfer SK"]

1. e4 e6 2. d4 d5 3. Nc3 Nf6 4. Bg5 Be7 5. e5 Nfd7 6. Bxe7 Qxe7 7. Qd2 a6 8. f4
b6 9. Nf3 c5 10. Bd3 Nc6 11. O-O Bb7 12. Kh1 O-O 13. Qf2 h6 14. f5 exf5 15.
Nxd5 Qd8 16. c4 cxd4 17. Qg3 Kh8 18. Bxf5 Ne7 19. Nxd4 Nxd5 20. cxd5 Bxd5 21.
Rad1 Qe7 22. Bxd7 Qxd7 23. Nf5 g6 24. Ne3 1-0

[Event "14. Lichtenberger Sommer"]
[Site "14. Lichtenberger Sommer"]
[Date "2015.08.19"]
[Round "5.23"]
[White "Hannebauer, Torsten"]
[Black "Schmalzried, Volker"]
[Result "1-0"]
[WhiteElo "2166"]
[BlackElo "1881"]
[PlyCount "69"]
[EventDate "2015.??.??"]
[WhiteTeam "DB Woltersdorf"]
[BlackTeam "vereinslos"]

1. e4 c5 2. Nc3 Nc6 3. f4 g6 4. Nf3 Bg7 5. Bb5 d6 6. Bxc6+ bxc6 7. O-O Nf6 8.
d3 O-O 9. Qe1 Rb8 10. Rb1 a5 11. Bd2 Ng4 12. h3 Nh6 13. f5 e5 14. Qc1 Nxf5 15.
exf5 Bxf5 16. Bh6 Qd7 17. Bxg7 Kxg7 18. Ne4 c4 19. Qe3 Be6 20. Nfg5 Bd5 21. Nf6
Qe7 22. Ngxh7 Rh8 23. Nxd5 cxd5 24. Nf6 cxd3 25. cxd3 d4 26. Qe4 Qe6 27. b3 Rh6
28. Rf3 Rc8 29. Rbf1 Rc7 30. Qd5 Qe7 31. Qxd6 Qxd6 32. Ne8+ Kg8 33. Nxd6 f5 34.
g4 f4 35. Nc4 1-0

[Event "14. Lichtenberger Sommer"]
[Site "14. Lichtenberger Sommer"]
[Date "2015.08.19"]
[Round "5.24"]
[White "Mayer, Herbert"]
[Black "Berger, Steve"]
[Result "0-1"]
[WhiteElo "1949"]
[BlackElo "2420"]
[PlyCount "40"]
[EventDate "2015.??.??"]
[WhiteTeam "SC Rochade (Berlin)"]
[BlackTeam "SK König Tegel"]

1. c4 e5 2. Nc3 Nc6 3. g3 Nf6 4. Bg2 Bc5 5. e3 d5 6. cxd5 Nb4 7. Nge2 Nd3+ 8.
Kf1 Ng4 9. Ne4 Ngxf2 10. Nxf2 Qf6 11. Nf4 Nxf2 12. Kxf2 g5 13. Qa4+ Bd7 14. Qc4
Bb6 15. Ke1 gxf4 16. exf4 exf4 17. Qxf4 Qxf4 18. gxf4 O-O-O 19. d3 Rhe8+ 20.
Kd2 Ba5+ 0-1

[Event "14. Lichtenberger Sommer"]
[Site "14. Lichtenberger Sommer"]
[Date "2015.08.19"]
[Round "5.25"]
[White "Heerde, Thomas"]
[Black "Giemsa, Stephan"]
[Result "0-1"]
[WhiteElo "1967"]
[BlackElo "2336"]
[PlyCount "100"]
[EventDate "2015.??.??"]
[WhiteTeam "SC Weisse Dame (Berlin)"]
[BlackTeam "SK König Tegel"]

1. e4 e6 2. d4 d5 3. e5 c5 4. c3 Qb6 5. Nf3 Nc6 6. Bd3 cxd4 7. cxd4 Bd7 8. O-O
Nxd4 9. Nbd2 Nxf3+ 10. Nxf3 Ne7 11. Be3 Qd8 12. a3 Nc6 13. b4 a6 14. Re1 Be7
15. Rc1 Rc8 16. Bb1 h5 17. Qd2 h4 18. h3 Rh5 19. Qb2 Nb8 20. Nh2 Rxc1 21. Rxc1
Bb5 22. Ng4 Qd7 23. f4 Bc4 24. Rd1 Qb5 25. Nh2 Nc6 26. Qf2 a5 27. f5 Kd7 28.
fxe6+ fxe6 29. Qf7 Rxe5 30. Bc5 axb4 31. axb4 b6 32. Bxe7 Nxe7 33. Nf3 Re3 34.
Qxg7 Qxb4 35. Ne5+ Kd6 36. Qxe7+ Kxe7 37. Nc6+ Kd6 38. Nxb4 b5 39. Bh7 Rb3 40.
Nc2 Rb2 41. Rd4 b4 42. Rxh4 b3 43. Ne3 Kc5 44. g4 Rd2 45. Nxc4 dxc4 46. Rh5+
Kb4 47. Kf1 c3 48. Ke1 Rh2 49. g5 c2 50. Rh4+ Kc3 0-1

[Event "14. Lichtenberger Sommer"]
[Site "14. Lichtenberger Sommer"]
[Date "2015.08.19"]
[Round "5.26"]
[White "Plump, Detlef"]
[Black "Kutschke, Jens"]
[Result "1/2-1/2"]
[WhiteElo "2216"]
[BlackElo "1975"]
[PlyCount "97"]
[EventDate "2015.??.??"]
[WhiteTeam "Bremer SG von 1877"]
[BlackTeam "SF 1903 Berlin"]

1. e4 e6 2. d4 d5 3. Nc3 Bb4 4. e5 c5 5. a3 Bxc3+ 6. bxc3 Ne7 7. Nf3 Nbc6 8.
Bd3 Qa5 9. Bd2 Qa4 10. dxc5 Ng6 11. Qe2 O-O 12. O-O Qg4 13. Rfe1 f6 14. exf6
Rxf6 15. Nd4 Qh4 16. Nxc6 bxc6 17. g3 Qh3 18. Bg5 Rf7 19. Rab1 Bd7 20. Bxg6
hxg6 21. f4 Re8 22. Qe5 Qf5 23. Qxf5 gxf5 24. Rb4 Bc8 25. Kf2 Ba6 26. a4 Rd7
27. Reb1 Kf7 28. Rb8 Rxb8 29. Rxb8 d4 30. Rd8 Rxd8 31. Bxd8 dxc3 32. Ba5 Kg6
33. Bxc3 Kh6 34. Be5 Bc4 35. Ke3 g6 36. Kd4 Bd5 37. Bb8 a6 38. Kc3 Be4 39. Kd2
Kh5 40. c3 Kg4 41. Ke2 Kh3 42. Kf2 Kxh2 43. Be5 Kh3 44. Bf6 Kg4 45. Be5 g5 46.
fxg5 Kxg5 47. Ke3 Kg4 48. a5 Bd5 49. Bf4 1/2-1/2

[Event "14. Lichtenberger Sommer"]
[Site "14. Lichtenberger Sommer"]
[Date "2015.08.19"]
[Round "5.27"]
[White "Krefenstein, Sergej"]
[Black "Hörmann, David"]
[Result "1-0"]
[WhiteElo "2184"]
[BlackElo "2055"]
[PlyCount "81"]
[EventDate "2015.??.??"]
[WhiteTeam "TuS Makkabi Berlin"]
[BlackTeam "SC Weisse Dame (Berlin)"]

1. e4 c5 2. Nc3 d6 3. f4 e6 4. Nf3 a6 5. g3 b5 6. Bg2 Bb7 7. d3 Nf6 8. O-O Be7
9. h3 Nc6 10. Bd2 O-O 11. Ne2 Nd7 12. g4 f5 13. exf5 exf5 14. g5 d5 15. Ng3 Nb6
16. Qe2 Qd7 17. Rae1 Bc8 18. Ne5 Nxe5 19. Qxe5 Ra7 20. Ba5 Bd6 21. Qe2 Bc7 22.
Qe7 Qc6 23. Nh5 Bb8 24. Qe2 c4 25. d4 Rd8 26. Bxb6 Qxb6 27. Bxd5+ Kf8 28. c3
Qg6 29. Bg2 Bd6 30. Ng3 Re7 31. Qf2 Rde8 32. Rxe7 Rxe7 33. h4 Qe8 34. h5 g6 35.
hxg6 hxg6 36. Bd5 Kg7 37. Kg2 Re3 38. Rh1 Bd7 39. Kf1 Rd3 40. Rh7+ Kxh7 41.
Qh2+ 1-0

[Event "14. Lichtenberger Sommer"]
[Site "14. Lichtenberger Sommer"]
[Date "2015.08.19"]
[Round "5.28"]
[White "Rohde, Wolfgang"]
[Black "Wierzbicki, Jirawat"]
[Result "0-1"]
[WhiteElo "2164"]
[BlackElo "1961"]
[PlyCount "133"]
[EventDate "2015.??.??"]
[WhiteTeam "SC Friesen Lichtenberg"]
[BlackTeam "SK König Tegel"]

1. d4 d5 2. Nf3 Nf6 3. c4 dxc4 4. Nc3 a6 5. e4 b5 6. e5 Nd5 7. a4 e6 8. axb5
Nb6 9. Bg5 Be7 10. h4 Bb7 11. Be2 h6 12. Bxe7 Qxe7 13. Nd2 Qb4 14. bxa6 Nxa6
15. Bf3 Nd5 16. O-O O-O 17. Qc2 Qe7 18. Nxc4 Ndb4 19. Qe2 Bxf3 20. Qxf3 Qxh4
21. Ne4 Nc2 22. g3 Qh3 23. Rad1 Rad8 24. Qc3 Ncb4 25. Ne3 Rb8 26. Qc4 Rfd8 27.
Ra1 Rb6 28. Ra4 Rc6 29. Nc5 Nxc5 30. dxc5 Nd3 31. Qe4 Rxc5 32. Ra8 Rxa8 33.
Qxa8+ Kh7 34. Qe4+ g6 35. Qxd3 Rxe5 36. Ng2 Rh5 37. f4 Rd5 38. Qc3 c5 39. Re1
c4 40. Re3 Rh5 41. Qxc4 Qh1+ 42. Kf2 Qb1 43. Qc3 Qa2 44. Re5 Rh1 45. Re1 Rh5
46. Re2 Qb1 47. Re1 Qa2 48. Rd1 Rb5 49. Rd2 Rb3 50. Qd4 Qa1 51. Ne1 Qa5 52. Rd3
Rb4 53. Qf6 Qb6+ 54. Kf1 Qb7 55. b3 Rxb3 56. Rxb3 Qxb3 57. Qxf7+ Kh8 58. Qf8+
Kh7 59. Qe7+ Kg8 60. Qd8+ Kg7 61. Qd7+ Kg8 62. Qd3 Qxd3+ 63. Nxd3 Kg7 64. Kf2
Kf6 65. Kf3 h5 66. Ke4 g5 67. Nf2 0-1

[Event "14. Lichtenberger Sommer"]
[Site "14. Lichtenberger Sommer"]
[Date "2015.08.19"]
[Round "5.29"]
[White "De Sallier, Francois"]
[Black "Thesing, Ansgar"]
[Result "1-0"]
[WhiteElo "2131"]
[BlackElo "1933"]
[PlyCount "53"]
[EventDate "2015.??.??"]
[WhiteTeam "Club du Canal St-Martin Paris"]
[BlackTeam "SC Kreuzberg"]

1. e4 c5 2. Nc3 d6 3. f4 Nc6 4. Bb5 Bd7 5. Nf3 e6 6. O-O Be7 7. g4 Qb6 8. Bc4
Na5 9. Be2 c4+ 10. Kg2 Qc7 11. d4 cxd3 12. cxd3 b5 13. a3 Bf6 14. Bd2 Qb6 15.
g5 Bd8 16. h4 Ne7 17. Nh2 Bc7 18. Ng4 Rc8 19. h5 Ng8 20. Be3 Qb8 21. f5 h6 22.
f6 hxg5 23. fxg7 Rh7 24. h6 f5 25. Bxg5 Bd8 26. Qd2 Nb3 27. Ne5 1-0

[Event "14. Lichtenberger Sommer"]
[Site "14. Lichtenberger Sommer"]
[Date "2015.08.19"]
[Round "5.30"]
[White "Jaeger, Andre"]
[Black "Mahn, Franko"]
[Result "1/2-1/2"]
[WhiteElo "1942"]
[BlackElo "2169"]
[PlyCount "59"]
[EventDate "2015.??.??"]
[WhiteTeam "SC Rochade (Berlin)"]
[BlackTeam "SC Weisse Dame (Berlin)"]

1. d4 g6 2. c4 Bg7 3. e4 d6 4. Nc3 Nd7 5. Nf3 Ngf6 6. Be2 O-O 7. O-O e5 8. Re1
Re8 9. dxe5 dxe5 10. Be3 c6 11. Nd2 Qe7 12. Rb1 Nf8 13. b4 Ne6 14. c5 Rd8 15.
Qc1 Nd4 16. f3 Be6 17. Nc4 Ne8 18. Bf1 Rd7 19. Qb2 Rad8 20. Qf2 Bf6 21. Rbc1
Nc7 22. Nd6 Ne8 23. Nc4 Qf8 24. g3 Qe7 25. Kg2 Nc7 26. Nd6 Ne8 27. Nc4 Ng7 28.
Nd6 Ne8 29. Nc4 Nc7 30. Nd6 1/2-1/2

[Event "14. Lichtenberger Sommer"]
[Site "14. Lichtenberger Sommer"]
[Date "2015.08.19"]
[Round "5.31"]
[White "Schönberger, Kay"]
[Black "Amelang, Thomas"]
[Result "0-1"]
[WhiteElo "1918"]
[BlackElo "2158"]
[PlyCount "82"]
[EventDate "2015.??.??"]
[WhiteTeam "SV Koblenz"]
[BlackTeam "SK Siemens München"]

1. d4 Nf6 2. c4 c5 3. d5 b5 4. cxb5 a6 5. bxa6 Bxa6 6. Nc3 d6 7. Nf3 g6 8. g3
Bg7 9. Bg2 O-O 10. Rb1 Nbd7 11. O-O Qa5 12. Bd2 Rfb8 13. Re1 Qc7 14. e4 Bd3 15.
Rc1 Rxb2 16. Re3 Ba6 17. Rb1 Rxb1 18. Nxb1 Nb6 19. Ba5 Qa7 20. Nfd2 Bb5 21. Ra3
Na4 22. Nc4 Bxc4 23. Qxa4 Qa6 24. Nc3 Ng4 25. Qc2 Bd4 26. Nd1 Qb5 27. h3 Nxf2
28. Nxf2 Rxa5 29. Rxa5 Qxa5 30. Qxc4 Qe1+ 31. Qf1 Bxf2+ 32. Kh1 Bxg3 33. Qxe1
Bxe1 34. Bf1 Kg7 35. Kg2 Kf6 36. Kf3 Ke5 37. Ke3 f5 38. exf5 Kxd5 39. fxg6 hxg6
40. Kd3 c4+ 41. Kc2 g5 0-1

[Event "14. Lichtenberger Sommer"]
[Site "14. Lichtenberger Sommer"]
[Date "2015.08.19"]
[Round "5.32"]
[White "Kohler, Thomas"]
[Black "Lawrenz, Sebastian"]
[Result "1-0"]
[WhiteElo "2206"]
[BlackElo "1910"]
[PlyCount "75"]
[EventDate "2015.??.??"]
[WhiteTeam "SC Zitadelle Spandau"]
[BlackTeam "SC Zitadelle Spandau"]

1. Nf3 Nf6 2. c4 g6 3. Nc3 Bg7 4. e4 d6 5. d4 O-O 6. h3 e5 7. d5 a5 8. g4 Na6
9. Be3 Bd7 10. Nd2 Nc5 11. Be2 Rb8 12. h4 Ne8 13. Qc2 c6 14. Nb3 Na6 15. a3 b6
16. dxc6 Bxc6 17. Rd1 Qc8 18. h5 Nac7 19. Nd5 Nxd5 20. cxd5 Bd7 21. Qxc8 Bxc8
22. Rc1 Bd7 23. Nd2 Bf6 24. Nc4 Bd8 25. Bh6 Rc8 26. Kd2 b5 27. Ne3 Rxc1 28.
Rxc1 Ng7 29. a4 bxa4 30. Nc4 Be7 31. Nb6 Be8 32. Nc8 Bd8 33. f4 Bd7 34. Nxd6 f6
35. Nb7 Bb6 36. Nc5 Bc8 37. Nxa4 Bd8 38. Rxc8 1-0

[Event "14. Lichtenberger Sommer"]
[Site "14. Lichtenberger Sommer"]
[Date "2015.08.19"]
[Round "5.33"]
[White "Weber, Sandra"]
[Black "Niehaus, Frank"]
[Result "1/2-1/2"]
[WhiteElo "1837"]
[BlackElo "2203"]
[PlyCount "32"]
[EventDate "2015.??.??"]
[WhiteTeam "SV Stuttgart-Wolfbusch"]
[BlackTeam "SK König Tegel"]

1. e4 d6 2. d4 Nf6 3. Nc3 g6 4. Be2 Bg7 5. Be3 c6 6. Nf3 O-O 7. O-O Qc7 8. Nd2
e5 9. f4 exd4 10. Bxd4 Nbd7 11. Nf3 b5 12. e5 Ng4 13. exd6 Qxd6 14. Bxg7 Qxd1
15. Nxd1 Kxg7 16. Nd4 Nb6 1/2-1/2

[Event "14. Lichtenberger Sommer"]
[Site "14. Lichtenberger Sommer"]
[Date "2015.08.19"]
[Round "5.34"]
[White "Baier, Reinhard"]
[Black "Brümmel, Arend"]
[Result "0-1"]
[WhiteElo "1976"]
[BlackElo "2154"]
[PlyCount "62"]
[EventDate "2015.??.??"]
[WhiteTeam "Berliner SchGes Eckbauer"]
[BlackTeam "Stader SV"]

1. e4 c5 2. Nf3 d6 3. d4 cxd4 4. Nxd4 Nf6 5. f3 Nc6 6. c4 Qb6 7. Nb5 a6 8. N5a3
g6 9. Nc3 Bg7 10. Na4 Qc7 11. Be3 Nd7 12. Rc1 O-O 13. Qd2 Nc5 14. Nc3 Be6 15.
Nd5 Qd8 16. b3 f5 17. exf5 Rxf5 18. Nc2 Rc8 19. Be2 Qf8 20. g4 Rxf3 21. Bxf3
Qxf3 22. Rf1 Qe4 23. Rd1 Ne5 24. Nxe7+ Kh8 25. Nxc8 Ncd3+ 26. Qxd3 Nxd3+ 27.
Kd2 Bxc8 28. h3 h5 29. gxh5 Bf5 30. Rg1 Ne5 31. Ne1 Nf3+ 0-1

[Event "14. Lichtenberger Sommer"]
[Site "14. Lichtenberger Sommer"]
[Date "2015.08.19"]
[Round "5.35"]
[White "Adelberger, Georg"]
[Black "Simon, Ralf-Axel"]
[Result "0-1"]
[WhiteElo "1926"]
[BlackElo "2113"]
[PlyCount "73"]
[EventDate "2015.??.??"]
[WhiteTeam "SC Kreuzberg"]
[BlackTeam "TSG Neuruppin"]

1. d4 Nf6 2. Nf3 c6 3. e3 g6 4. Be2 Bg7 5. O-O O-O 6. b3 d6 7. Bb2 Qc7 8. c4
Re8 9. Nc3 e5 10. dxe5 dxe5 11. e4 Na6 12. Qc2 Nh5 13. Rfe1 Nf4 14. Rad1 Bg4
15. Ba3 Bf8 16. Bxf8 Rxf8 17. h3 Nb4 18. Qb1 Nxe2+ 19. Rxe2 Bxf3 20. gxf3 Rad8
21. Red2 Qe7 22. Kf1 Rxd2 23. Rxd2 Qh4 24. Ke2 Qxh3 25. Qd1 Qc8 26. Rd7 Nc2 27.
Qd6 Nd4+ 28. Ke3 Ne6 29. Qe7 Nc5 30. Rd1 b6 31. Qxe5 Rd8 32. Rd6 Qb8 33. Rxd8+
Qxd8 34. b4 Qd3+ 35. Kf4 Ne6+ 36. Kg3 Qxc4 37. b5 0-1

[Event "14. Lichtenberger Sommer"]
[Site "14. Lichtenberger Sommer"]
[Date "2015.08.19"]
[Round "5.36"]
[White "Heldt, Ronny"]
[Black "Albert, Jörg"]
[Result "0-1"]
[WhiteElo "1922"]
[BlackElo "2201"]
[PlyCount "86"]
[EventDate "2015.??.??"]
[WhiteTeam "SC Kreuzberg"]
[BlackTeam "SV Eiche Reichenbrand"]

1. d4 d5 2. c4 e6 3. Nc3 a6 4. cxd5 exd5 5. Bf4 Nf6 6. e3 c5 7. h3 Nc6 8. Nf3
c4 9. Be2 Bb4 10. O-O O-O 11. Rc1 Bf5 12. Ne5 Rc8 13. a3 Bxc3 14. Rxc3 Ne4 15.
Rc1 Nxe5 16. Bxe5 f6 17. Bf4 b5 18. Bg4 Bxg4 19. Qxg4 f5 20. Qh5 Nd2 21. Rfe1
Nb3 22. Rcd1 Qd7 23. Kh2 Qf7 24. Qf3 Rc6 25. Rg1 Rg6 26. g4 fxg4 27. Rxg4 Rxg4
28. Qxg4 Qf5 29. Qg2 Rf6 30. Be5 Rf7 31. f4 Qd7 32. Rg1 Na5 33. f5 Nc6 34. f6
Nxe5 35. dxe5 Qe6 36. Qg5 h6 37. Qf4 Kf8 38. fxg7+ Kg8 39. Qh4 Qxe5+ 40. Rg3
Qxb2+ 41. Rg2 Qe5+ 42. Kg1 Qxe3+ 43. Kh2 Qf4+ 0-1

[Event "14. Lichtenberger Sommer"]
[Site "14. Lichtenberger Sommer"]
[Date "2015.08.19"]
[Round "5.37"]
[White "Genot, Frank"]
[Black "Nötzel, Felix"]
[Result "0-1"]
[WhiteElo "1822"]
[BlackElo "2103"]
[PlyCount "120"]
[EventDate "2015.??.??"]
[WhiteTeam "Club du Canal St-Martin Paris"]
[BlackTeam "SF 1903 Berlin"]

1. e4 d5 2. exd5 Qxd5 3. Nf3 Nf6 4. d4 Bg4 5. Be2 Nc6 6. h3 Bxf3 7. Bxf3 Qd7 8.
c3 O-O-O 9. Qb3 e6 10. O-O h6 11. Nd2 g5 12. Nc4 Nd5 13. a4 Be7 14. Ne5 Nxe5
15. dxe5 c6 16. a5 Qc7 17. Re1 Rd7 18. Qc4 Rhd8 19. b4 Bf8 20. Be3 Nxe3 21.
Rxe3 a6 22. Rae1 Rd2 23. g4 Bg7 24. Qc5 Kb8 25. Kg2 Rb2 26. R3e2 Rdd2 27. Rxd2
Rxd2 28. Qe3 Qd8 29. Qc5 Bf8 30. Qc4 Qd3 31. Qb3 Kc7 32. Re3 Qd7 33. Qc4 Qe7
34. Qe4 Qd7 35. Re2 Rxe2 36. Bxe2 Qd5 37. Qxd5 exd5 38. h4 Bg7 39. hxg5 hxg5
40. c4 Bxe5 41. b5 axb5 42. cxb5 Bc3 43. a6 bxa6 44. bxc6 a5 45. Bb5 Kb6 46.
Ba4 Be5 47. Kf3 Kc5 48. Bb3 Kxc6 49. Ke3 Kc5 50. Kd3 f6 51. f3 Ba1 52. Ba2 a4
53. Bb1 Kd6 54. Ke3 Ke5 55. Ke2 Kd4 56. Ba2 Kc3 57. Bxd5 Kc2 58. Be4+ Kc1 59.
Bd5 Be5 60. Kd3 Kb2 0-1

[Event "14. Lichtenberger Sommer"]
[Site "14. Lichtenberger Sommer"]
[Date "2015.08.19"]
[Round "5.38"]
[White "Nowka, Oliver"]
[Black "Schmidt, Jürgen"]
[Result "1-0"]
[WhiteElo "2071"]
[BlackElo "1936"]
[PlyCount "99"]
[EventDate "2015.??.??"]
[WhiteTeam "Thales (FV Schach)"]
[BlackTeam "SC Kreuzberg"]

1. g3 d5 2. Nf3 Nf6 3. Bg2 g6 4. c4 Bg7 5. O-O O-O 6. cxd5 Nxd5 7. Nc3 c6 8.
Qb3 Nb6 9. d3 Be6 10. Qc2 Na6 11. Ng5 Bd7 12. a3 h6 13. Nf3 Qc8 14. Re1 Kh7 15.
Rb1 Nc7 16. b4 Bh3 17. Bh1 Ncd5 18. Ne4 Nd7 19. Neg5+ hxg5 20. Nxg5+ Kg8 21.
Nxh3 Ne5 22. Ng5 Qd7 23. Ne4 b6 24. Bd2 Rac8 25. Qa2 Ng4 26. Bg2 Ngf6 27. Rbc1
Nxe4 28. Bxe4 e6 29. Bg2 Rc7 30. Rc2 Rfc8 31. Rec1 Bf8 32. d4 Bg7 33. e4 Ne7
34. Bf4 Rb7 35. d5 cxd5 36. Rxc8+ Nxc8 37. exd5 e5 38. d6 Nxd6 39. Bxb7 exf4
40. Bg2 fxg3 41. hxg3 Nf5 42. Qc2 Kh7 43. Bh3 Qd5 44. Bxf5 gxf5 45. g4 Qf3 46.
Qxf5+ Qxf5 47. gxf5 Bb2 48. Rc7 Bxa3 49. Rxf7+ Kg8 50. Rxa7 1-0

[Event "14. Lichtenberger Sommer"]
[Site "14. Lichtenberger Sommer"]
[Date "2015.08.19"]
[Round "5.39"]
[White "Rodmacq, Clement"]
[Black "Schubert, Joachim"]
[Result "1-0"]
[WhiteElo "2039"]
[BlackElo "1845"]
[PlyCount "127"]
[EventDate "2015.??.??"]
[WhiteTeam "La Diagonale - Eybens"]
[BlackTeam "SC Friesen Lichtenberg"]

1. e4 c5 2. Nc3 d6 3. f4 Nc6 4. Nf3 a6 5. Bc4 e6 6. Bb3 Na5 7. d3 Nxb3 8. axb3
Bd7 9. O-O Bc6 10. Qe1 g6 11. f5 e5 12. Ng5 gxf5 13. Nxf7 Kxf7 14. Rxf5+ Ke6
15. Qg3 Kd7 16. Bg5 Qe8 17. Raf1 Ne7 18. Rf7 Kc8 19. Na4 Bxa4 20. bxa4 Kb8 21.
Qf2 Ng6 22. Qf6 Be7 23. Rxe7 Nxe7 24. Qxd6+ Kc8 25. Bxe7 Qxa4 26. Qxc5+ Qc6 27.
Qxe5 Re8 28. Rf6 Qc7 29. Qf5+ Qd7 30. Qc5+ Qc7 31. Qf5+ Qd7 32. Qc5+ Qc7 33.
Rf7 Qxc5+ 34. Bxc5 Rh8 35. e5 b5 36. e6 a5 37. d4 Kd8 38. Kf2 Ke8 39. Ke3 Rc8
40. Ke4 b4 41. Ra7 Rg8 42. g3 Rg6 43. Kf5 Rh6 44. Re7+ Kd8 45. Rg7 Rc6 46. e7+
Kd7 47. Rg8 Rxc5+ 48. dxc5 Kxe7 49. Rg7+ Kd8 50. Ke4 Rxh2 51. Kd3 h5 52. Ra7 b3
53. cxb3 Rxb2 54. Kc3 Rg2 55. Rxa5 Rxg3+ 56. Kc4 h4 57. Ra7 h3 58. Rh7 Kc8 59.
b4 Kb8 60. Kb5 Rc3 61. Kb6 Kc8 62. c6 Kd8 63. b5 Ke8 64. Kb7 1-0